1826 1022 1417 1961 1451 1052 1046 1071 1307 1564 1933 1172 1833 1151 1927 1478 1692 1044 1016 1057 1052 1449 1832 1176 1172 1370 1789 1449 1497 1063 1110 1175 1041 1910 1225 1525 1077 1377 1496 1049 1294 1774 1961 1704 1824 1882 1309 1735 1278 1409 1613 1782 1910 1601 1712 1073 1069 1089 1070 1488 1562 1828 1428 1222 1208 1209 1566 1512 1149 1881 1762 1868 1802 1862 1752 1767 1720 1184 1157 1853 1038 1186 1052 1080 1811 1062 1916 1404 1888 1590 1615 1953 1952 1481 1544 1475 1395 1188 1360 BCNSPRNW ULIB Ver.6.0+V

เปลี่ยนเป็นภาษาไทย

Change to English
 แสดงรายละเอียดบรรณานุกรม
  กลับหน้าหลัก

Brief Record : Get Marc (ISO 2709) : E-mail record : QR code < ปิดหน้าต่าง
LEADER : 00000nam 2200000uu 4500
001    13399124317
003     ULIB
008    020711s2010 th a 000 0 eng d
020    9780323067461
060    WD220^bZ58M
100    JoAnn Zerwekh
245    Mosby's Fluids & Electrolytes Memory NoteCards: Visual, Mnemonic, and Memory Aids for Nurses/^cJoAnn Zerwekh, Jo Carol Claborn,Tom Gaglione
250    2nd.th ed
260    St Louis :^bMosby,^c2010
300    138 pages
700     Jo Carol Claborn
700    Tom Gaglione
945    ^p0^l0^i027442
รายการนี้ยังไม่มีแท็ก
คุณยังไม่ได้ล็อกอิน คุณสามารถมีกิจกรรมร่วมกับเว็บไซต์ได้ แต่ต้องล็อกอินก่อน ::
  ล็อกอิน

รายการสื่อสารสนเทศ

ลำดับที่ ประเภท เลขเรียก/บาร์โค้ด สถานที่ สถานะ
1. วิทยาศาสตร์การแพทย์ และสุขภาพ
วิทยาศาสตร์การแพทย์ และสุขภาพ
WD220 Z58M ฉ.1 
  Barcode: 027442
ห้องสมุดวิทยาเขตสวรรค์ประชารักษ์
►หนังสือทั่วไป
บนชั้น

รายการใกล้เคียง
    ผู้แต่ง [JoAnn Zerwekh]

BibComment


ยังไม่เคยถูกคอมเมนท์

คอมเมนท์ทรัพยากรรายการนี้
  คอมเมนท์: Mosbys Fluids El..


 Copyright 2026. Bcnsprnw @Library